000 01128nam0a22003131 4500
001 v19\rc\1776784
005 20061204163338.5
035 _a(NLR Aleph) 004898331
090 _a5346505
_c5346505
100 _a20061204e19041904|||y0rusy50 ca
101 0 _arus
102 _aRU
105 _ay z |||||
200 1 _aСпособы инъекций лимфатических сосудов
_eВ извлеч. сообщ. на 9 Пирог. съезде
_f[Соч.] Ч. пр. Харьк. ун-та Г.М. Иосифова
210 _aСанкт-Петербург
_cтип. Я. Трей
_dценз. 1904
215 _a8 с.
_d22
309 _aБез тит. л. и обл.
311 _aОтт. из "Рус. врача" № 10
320 _aБиблиогр.: с. 7-8
488 0 _12001#$aРусский врач$v№ 10
700 1 _aИосифов
_bГ. М.
_f1870-1933
_gГордей Максимович
801 0 _aRU
_bNLR
_gpsbo
801 0 _aRU
_bRuMoRGB
_2psbo
801 1 _aRU
_bProSoft-M
_2rusmarc
852 _aNLR
_j34.50.5.893
899 _aRuMoRGB
_jA 287/987
899 _aБАН
942 _cBOOK
980 _aNB